Report on the economic and nutrition survey of Gujarati middle class families in Bombay City, (Record no. 56677)

MARC details
000 -LEADER
fixed length control field 00803cam a22002291 4500
001 - CONTROL NUMBER
control field sa 64001298
003 - CONTROL NUMBER IDENTIFIER
control field DLC
005 - DATE AND TIME OF LATEST TRANSACTION
control field 20260227112001.0
008 - FIXED-LENGTH DATA ELEMENTS--GENERAL INFORMATION
fixed length control field 951006s1943 ii ac 000 0 eng
010 ## - LIBRARY OF CONGRESS CONTROL NUMBER
LC control number sa 64001298
035 ## - SYSTEM CONTROL NUMBER
System control number (OCoLC)33257745
040 ## - CATALOGING SOURCE
Original cataloging agency DLC
Transcribing agency NSyU
Modifying agency DLC
042 ## - AUTHENTICATION CODE
Authentication code premarc
050 00 - LIBRARY OF CONGRESS CALL NUMBER
Classification number HC438.B6
Item number S45
100 1# - MAIN ENTRY--PERSONAL NAME
Personal name Shah, Vallabhdas Vithaldas,
Dates associated with a name 1914-
245 10 - TITLE STATEMENT
Title Report on the economic and nutrition survey of Gujarati middle class families in Bombay City,
Statement of responsibility, etc. by V.V. Shah and M.H. Patel. With a pref. by H.V. Divatia.
260 ## - PUBLICATION, DISTRIBUTION, ETC.
Place of publication, distribution, etc. Bombay,
Name of publisher, distributor, etc. Gujarat Research Society,
Date of publication, distribution, etc. 1943.
300 ## - PHYSICAL DESCRIPTION
Extent iii, 72 p.
Other physical details port., tables.
Dimensions 25 cm.
651 #0 - SUBJECT ADDED ENTRY--GEOGRAPHIC NAME
Geographic name Mumbai (India)
General subdivision Economic conditions.
650 #0 - SUBJECT ADDED ENTRY--TOPICAL TERM
Topical term or geographic name entry element Diet
Geographic subdivision India
-- Mumbai.
700 1# - ADDED ENTRY--PERSONAL NAME
Personal name Patel, Madhusudan Himatlal,
Relator term joint author.

No items available.

Powered by Koha